| 000 | 00910cam a22002775a 4500 | ||
|---|---|---|---|
| 001 | 015688687 | ||
| 003 | OSt | ||
| 005 | 20151031094430.0 | ||
| 008 | 110821t2011 maua frb 001 0 eng d | ||
| 020 | _a9780321752642 (pbk.) | ||
| 020 | _a0321752643 (pbk.) | ||
| 040 |
_aIiNdDKA _beng _cIiNdDKA _dEG-ScBUE _dEG-ScBUE |
||
| 082 | 0 | 4 |
_a333.7 _bBER _222 |
| 100 | 1 |
_aBerck, Peter, _d1950- _938614 |
|
| 245 | 1 | 4 |
_aThe economics of the environment / _cPeter Berck, Gloria Helfand. |
| 260 |
_aBoston : _bPearson Education / Addison-Wesley, _cc.2011. |
||
| 300 |
_axx, 508 p. : _bill. ; _c23 cm. |
||
| 500 | _a"International edition"--Cover. | ||
| 500 | _aIndex : p. 495-508. | ||
| 504 | _aIncludes bibliographical references. | ||
| 650 | 0 |
_aEconomic policy _xEnvironmental aspects. _2BUEsh |
|
| 651 | _2BUEsh | ||
| 653 |
_bBUSECO _cJune2015 _cOctober2015 |
||
| 700 | 1 | _aHelfand, Gloria E. | |
| 942 |
_2ddc _k333.7 BER |
||
| 999 |
_c19728 _d19700 |
||